My visit to the aquarium / (Record no. 673)

MARC details
000 -LEADER
fixed length control field 01082nam a22003257a 4500
005 - DATE AND TIME OF LATEST TRANSACTION
control field 20230630090305.0
020 ## - INTERNATIONAL STANDARD BOOK NUMBER
International Standard Book Number 0060214597 (lib. bdg.) :
Terms of availability $15.00 ($20.00 CDN)
020 ## - INTERNATIONAL STANDARD BOOK NUMBER
International Standard Book Number 0060214589
040 ## - CATALOGING SOURCE
Original cataloging agency DLC
Transcribing agency DLC
Modifying agency DLC
Language of cataloging eng
050 00 - LIBRARY OF CONGRESS CALL NUMBER
Classification number QL78
Item number .A15 1993
082 00 - DEWEY DECIMAL CLASSIFICATION NUMBER
Classification number 597/.0074
Edition number 20
100 0# - MAIN ENTRY--PERSONAL NAME
Personal name Aliki.
245 10 - TITLE STATEMENT
Title My visit to the aquarium /
Statement of responsibility, etc. Aliki.
260 ## - PUBLICATION, DISTRIBUTION, ETC.
Place of publication, distribution, etc. New York :
Name of publisher, distributor, etc. Scholastic,
Date of publication, distribution, etc. 1993.
300 ## - PHYSICAL DESCRIPTION
Extent 33 pages :
Other physical details color illustrations ;
Dimensions 28 cm.
505 ## - FORMATTED CONTENTS NOTE
Formatted contents note M <br/>
520 ## - SUMMARY, ETC.
Summary, etc. During his visit to an aquarium, a boy finds out about the characteristics and environments of many different marine and freshwater creatures.
521 ## - TARGET AUDIENCE NOTE
Target audience note 710 <br/>
Source Lexile <br/>
521 ## - TARGET AUDIENCE NOTE
Target audience note M <br/>
Source Raz-Plus<br/>
650 #0 - SUBJECT ADDED ENTRY--TOPICAL TERM
Topical term or geographic name entry element Public aquariums
Form subdivision Juvenile literature.
650 #0 - SUBJECT ADDED ENTRY--TOPICAL TERM
Topical term or geographic name entry element Aquatic biology
Form subdivision Juvenile literature.
650 #1 - SUBJECT ADDED ENTRY--TOPICAL TERM
Topical term or geographic name entry element Aquariums.
650 #1 - SUBJECT ADDED ENTRY--TOPICAL TERM
Topical term or geographic name entry element Aquatic biology.
650 #1 - SUBJECT ADDED ENTRY--TOPICAL TERM
Topical term or geographic name entry element Marine animals.
650 #1 - SUBJECT ADDED ENTRY--TOPICAL TERM
Topical term or geographic name entry element Freshwater animals.
906 ## - LOCAL DATA ELEMENT F, LDF (RLIN)
a 7
b cbc
c orignew
d 1
e ocip
f 19
g y-gencatlg
942 ## - ADDED ENTRY ELEMENTS (KOHA)
Source of classification or shelving scheme Dewey Decimal Classification
Koha item type Books
Suppress in OPAC No
999 ## -
-- 673
-- 673
Holdings
Withdrawn status Lost status Source of classification or shelving scheme Damaged status Not for loan Collection Home library Current library Shelving location Date acquired Total Checkouts Full call number Barcode Date last seen Date last checked out Price effective from Koha item type
    Dewey Decimal Classification     Non-Fiction Footprints International School Library Network Toul Kork Campus Footprints International School Library Network Toul Kork Campus TK Primary Library Room(4th Floor), Bookcase 5&6, Shelves 33-56, Orange Books 06/29/2023 4 ALI 597/.0074 QL78.A15 FISBK05150 03/20/2025 10/11/2024 06/29/2023 Books